Scotland Rugby World Cup Squad 2023 - Statistics

General Stats
  • This quiz has been taken 30 times
  • The average score is 20 of 33
Answer Stats
Position Club Answer % Correct
Fly Half Bath Finn Russell
100%
Wing Edinburgh Duhan van der Merwe
92%
Wing Edinburgh Darcy Graham
88%
Scrum Half Toulon Ben White
85%
Fullback Edinburgh Blair Kinghorn
85%
Centre Glasgow Huw Jones
85%
Scrum Half Glasgow George Horne
81%
Prop Edinburgh Pierre Schoeman
77%
Wing Glasgow Kyle Steyn
73%
Number 8 Glasgow Matt Fagerson
73%
Prop Glasgow Zander Fagerson
73%
Scrum Half Glasgow Ali Price
69%
Flanker Glasgow Rory Darge
69%
Centre Bath Cameron Redpath
65%
Hooker Glasgow George Turner
65%
Lock Edinburgh Grant Gilchrist
65%
Number 8 Glasgow Jack Dempsey
65%
Hooker Edinburgh Ewan Ashman
62%
Flanker Edinburgh Jamie Ritchie
58%
Lock Glasgow Richie Gray
58%
Lock Glasgow Scott Cummings
58%
Prop n/a Rory Sutherland
54%
Centre Gloucester Chris Harris
50%
Centre Glasgow Sione Tuipolotu
46%
Prop Edinburgh WP Nel
46%
Fly Half Edinburgh Ben Healy
42%
Flanker Edinburgh Hamish Watson
42%
Hooker Glasgow Johnny Matthews
42%
Fullback Glasgow Ollie Smith
42%
Lock Edinburgh Sam Skinner
35%
Prop Glasgow Jamie Bhatti
31%
Flanker Edinburgh Luke Crosbie
15%
Prop Edinburgh Jevan Sebastian
12%
No matching quizzes found
Score Distribution
Percent of People with Each Score
Percentile by Number Answered
Your Score History
You have not taken this quiz